| 000 | 00956nam a22002657a 4500 | ||
|---|---|---|---|
| 999 |
_c64101 _d64101 |
||
| 005 | 20240530110714.0 | ||
| 008 | 180218s2010 ua a g 000 0 ara d | ||
| 017 |
_a2010/4090 _bمصر. دار الكتب |
||
| 020 | _a9789773201469 | ||
| 040 |
_aEG-CaGPL _cEG-CaGPL |
||
| 082 | 0 | 4 |
_221 _a341.2323 / _bأ م |
| 100 | 0 | _aاحمد سيد احمد | |
| 245 | 1 | 0 |
_aمجلس الامن فشل مزمن واصلاح ممكن / _cاحمد سيد احمد |
| 250 | _aط. 1 | ||
| 260 |
_aالقاهرة : _c2010. _bمركز الاهرام للنشر والترجمة والتوزيع، |
||
| 300 |
_a332 ص. : _bجداول ؛ _c24 سم. |
||
| 650 | 0 | 7 |
_2qrmak _aمجلس الامن |
| 650 | 0 | 7 |
_2qrmak _aالسياسة الدولية |
| 650 | 0 | 7 |
_2qrmak _aالمنظمات الدولية |
| 650 | 0 | 7 |
_2qrmak _aالامن الدولى |
| 650 | 0 | 7 |
_2qrmak _aالعلاقات الخارجية |
| 651 | _2qrmak | ||
| 942 |
_2ddc _cBK |
||